Kashmīr : (Record no. 535038)
[ view plain ]
| 000 -LEADER | |
|---|---|
| fixed length control field | 00908cam a22002054a 4500 |
| 020 ## - INTERNATIONAL STANDARD BOOK NUMBER | |
| International Standard Book Number | 9698938001 |
| 082 ## - DEWEY DECIMAL CLASSIFICATION NUMBER | |
| Classification number | 954.6 |
| 100 1# - MAIN ENTRY--PERSONAL NAME | |
| Personal name | Parācah, T̤āriq Faiz̤, |
| Dates associated with a name | 1935- |
| 245 10 - TITLE STATEMENT | |
| Title | Kashmīr : |
| Remainder of title | ankahī kahānī / |
| Statement of responsibility, etc. | T̤āriq Faiz̤ Parācah. |
| 260 ## - PUBLICATION, DISTRIBUTION, ETC. | |
| Place of publication, distribution, etc. | [Muzaffarabad, Azad Kashmir] : |
| Name of publisher, distributor, etc. | Maktabah-yi Faiz̤, |
| Date of publication, distribution, etc. | [2001?] |
| 300 ## - PHYSICAL DESCRIPTION | |
| Extent | 25, 334 p. : |
| Other physical details | col. ill., maps ; |
| Dimensions | 25 cm. |
| 942 ## - ADDED ENTRY ELEMENTS (KOHA) | |
| Source of classification or shelving scheme | |
| Koha item type | Book |
| 504 ## - BIBLIOGRAPHY, ETC. NOTE | |
| Bibliography, etc. note | Includes bibliographical references (p. 325-334). |
| 650 #0 - SUBJECT ADDED ENTRY--TOPICAL TERM | |
| Topical term or geographic name entry element | Postmasters |
| 650 #0 - SUBJECT ADDED ENTRY--TOPICAL TERM | |
| -- | 29528 |
| 710 2# - ADDED ENTRY--CORPORATE NAME | |
| -- | 29529 |
| Withdrawn status | Lost status | Source of classification or shelving scheme | Damaged status | Not for loan | Permanent Location | Current Location | Shelving location | Date acquired | Source of acquisition | Total Checkouts | Full call number | Barcode | Date last seen | Price effective from | Koha item type |
|---|---|---|---|---|---|---|---|---|---|---|---|---|---|---|---|
| Central Library (CL) | Central Library (CL) | General Stacks | 08/27/2020 | Donation | 954.6 TAR | CL-D-1000 | 09/08/2020 | 08/27/2020 | Book |
